书目信息 |
| 题名: |
发动机原理与汽车理论
|
|
| 作者: | 魏领军 , 潘越广 , 方永寿 主编 | |
| 分册: | ||
| 出版信息: | 镇江 江苏大学出版社 2017.1 |
|
| 页数: | 178页 | |
| 开本: | 26cm | |
| 丛书名: | ||
| 单 册: | ||
| 中图分类: | U46 , U461 | |
| 科图分类: | ||
| 主题词: | 汽车--发动机--理论--教材 , 汽车--理论--教材 | |
| 电子资源: | ||
| ISBN: | 978-7-5684-0365-8 | |
| 000 | 01122nam0 2200301 450 | |
| 001 | 0400003392 | |
| 005 | 20171022092045.0 | |
| 010 | @a978-7-5684-0365-8@dCNY39.80 | |
| 100 | @a20170802d2017 em y0chiy50 ea | |
| 101 | 0 | @achi |
| 102 | @aCN@b320000 | |
| 105 | @aa z 000yy | |
| 106 | @ar | |
| 200 | 1 | @a发动机原理与汽车理论@9fa dong ji yuan li yu qi che li lun@f主编魏领军,潘越广,方永寿 |
| 210 | @a镇江@c江苏大学出版社@d2017.1 | |
| 215 | @a178页@c图,照片@d26cm | |
| 300 | @a“十三五”精品课程建设规划教材· 汽车类 | |
| 320 | @a有书目(第178页) | |
| 330 | @a本书稿在介绍发动机原理与汽车理论相关知识的基础上,对发动机的两大机构和五大系统的结构和工作原理进行讲解,并将结构、原理、维修与常见故障诊断、课内实训有机的结合在一起,使读者在掌握发动机一般结构的基础上,形成举一反三、触类旁通的能力。 | |
| 606 | 0 | @a汽车@x发动机@x理论@j教材 |
| 606 | 0 | @a汽车@x理论@j教材 |
| 690 | @aU46@v5 | |
| 690 | @aU461@v5 | |
| 701 | 0 | @a魏领军@9wei ling jun@4主编 |
| 701 | 0 | @a潘越广@9pan yue guang@4主编 |
| 701 | 0 | @a方永寿@9fang yong shou@4主编 |
| 801 | 0 | @aCN@b91MARC@c20171022 |
| 905 | @b1033686-90@dU46@f5@e564 | |
| 发动机原理与汽车理论/主编魏领军,潘越广,方永寿.-镇江:江苏大学出版社,2017.1 |
| 178页:图,照片;26cm |
| “十三五”精品课程建设规划教材· 汽车类 |
| ISBN 978-7-5684-0365-8:CNY39.80 |
| 本书稿在介绍发动机原理与汽车理论相关知识的基础上,对发动机的两大机构和五大系统的结构和工作原理进行讲解,并将结构、原理、维修与常见故障诊断、课内实训有机的结合在一起,使读者在掌握发动机一般结构的基础上,形成举一反三、触类旁通的能力。 |
| ● |
| 相关链接 |
|
|
|
|
正题名:发动机原理与汽车理论
索取号:U46/564
 
预约/预借
| 序号 | 登录号 | 条形码 | 馆藏地/架位号 | 状态 | 备注 |
| 1 | 1033686 | 210336867 | 第二样本阅览室/ [索取号:U46/564] | 在馆 | |
| 2 | 1033687 | 210336876 | 密集书库-物理学院/ [索取号:U46/564] | 在馆 | |
| 3 | 1033688 | 210336885 | 第三借阅区/ [索取号:U46/564] | 在馆 | |
| 4 | 1033689 | 210336894 | 第三借阅区/ [索取号:U46/564] | 在馆 | |
| 5 | 1033690 | 210336901 | 第三借阅区/ [索取号:U46/564] | 在馆 |